000 00275nam a2200109Ia 4500
008 191201s2014 xx 000 0 und d
100 _aBHALLA,Pankaj
245 0 _aMachine Design and Drawing
260 _c2014
_bIshan Publications
_aNew Delhi
300 _a336
942 _2ddc
_cBK
999 _c8101
_d8101